Catálogo de la Biblioteca Horacio González - Universidad Nacional de General Sarmiento

Brazil (Registro nro. 54607)

Detalles MARC
000 -CABECERA
campo de control de longitud fija 01335ngm a22002650a 4500
001 - NÚMERO DE CONTROL
campo de control PT19584
003 - IDENTIFICADOR DEL NÚMERO DE CONTROL
campo de control AR-LpoUNG
005 - FECHA Y HORA DE LA ÚLTIMA TRANSACCIÓN
campo de control 20210202000321.0
007 - CAMPO FIJO DE DESCRIPCIÓN FÍSICA--INFORMACIÓN GENERAL
campo de control de longitud fija vd cvaizq
008 - DATOS DE LONGITUD FIJA--INFORMACIÓN GENERAL
campo de control de longitud fija 191001s1985||||ag |||||||||||||||||eng d
037 ## - FUENTE DE ADQUISICIÓN
Condiciones de disponibilidad $9,97
040 ## - FUENTE DE LA CATALOGACIÓN
Centro catalogador/agencia de origen AR-LpoUNG
Lengua de catalogación spa
Centro/agencia transcriptor AR-LpoUNG
Normas de descripción aacr
041 ## - CÓDIGO DE LENGUA
Código de lengua del texto/banda sonora o título independiente eng
044 ## - CÓDIGO DEL PAÍS DE LA ENTIDAD EDITORA/PRODUCTORA
Código MARC del país ag
082 0# - NÚMERO DE LA CLASIFICACIÓN DECIMAL DEWEY
Número de clasificación 791.430 959bra
100 1# - ENTRADA PRINCIPAL--NOMBRE DE PERSONA
Nombre de persona Gilliam, Terry
Término indicativo de función/relación dir.
245 10 - MENCIÓN DE TÍTULO
Título Brazil
260 ## - PUBLICACIÓN, DISTRIBUCIÓN, ETC.
Lugar de publicación, distribución, etc. Buenos Aires :
Nombre del editor, distribuidor, etc. Transeuropa Video Entertainment,
Fecha de publicación, distribución, etc. 1985.
300 ## - DESCRIPCIÓN FÍSICA
Extensión VHS (135 min.) : son., col.
505 0# - NOTA DE CONTENIDO CON FORMATO
Nota de contenido con formato Versión en inglés con subtítulos en castellano
520 ## - SUMARIO, ETC.
Sumario, etc. En una sociedad atemporal dominada por el siniestro Ministerio de Informacíón, un error burocrático provoca el encarcelamiento, y posterior tortura y ejecución, de un hombre inocente. Sam Lowry, un funcionario que se ha dado cuenta del error, se invita a compensarlo por su cuenta, entregando personalmente el cheque indemnizatorio. De forma paralela, el propio Lowry se ve acosado por una serie de sueños donde se transmuta en un guerrero medieval que lucha por rescatar a su amada secuestrada, enfrentándose a todas las entidades que le salen a su paso. Pronto descubrirá que la realidad y la ficción no son mundos tan opuestos como se pensaba. muy buena.
653 ## - TÉRMINO DE INDIZACIÓN--NO CONTROLADO
Término no controlado VIDEOS
905 ## - ELEMENTOS DE DATOS E LOCAL, LDE (RLIN)
a 19584
942 ## - ELEMENTOS DE PUNTO DE ACCESO ADICIONAL (KOHA)
Tipo de ítem Koha Video
Existencias
Estado de retiro Estado de pérdida Estado dañado No para préstamo Código de colección Localización permanente Ubicación/localización actual Fecha de adquisición Total de préstamos Signatura topográfica completa Código de barras Fecha visto por última vez Precio válido a partir de Tipo de ítem Koha
        Colección Cine Biblioteca Universidad Nacional de General Sarmiento Biblioteca Universidad Nacional de General Sarmiento 02/02/2021   791.430 959bra 00021182 02/02/2021 02/02/2021 Video